Despues de Newton : (Record no. 14972)
[ view plain ]
| 000 -LEADER | |
|---|---|
| campo de control de longitud fija | 01661nam a2200289 i 4500 |
| 001 - NÚMERO DE CONTROL | |
| campo de control | 14972 |
| 003 - IDENTIFICADOR DE NÚMERO DE CONTROL | |
| campo de control | ES-MaACL |
| 005 - FECHA Y HORA DE LA ÚLTIMA TRANSACCIÓN | |
| campo de control | 20230906150942.0 |
| 007 - CAMPO FIJO DE DESCRIPCIÓN FÍSICA--INFORMACIÓN GENERAL | |
| campo de control de longitud fija | t| |
| 008 - DATOS DE LONGITUD FIJA--INFORMACIÓN GENERAL | |
| campo de control de longitud fija | 991123s1998 sp ||||1| spa d |
| 020 ## - NÚMERO INTERNACIONAL ESTÁNDAR DEL LIBRO | |
| Número Internacional Estándar del Libro | 84-7658-527-6 |
| 080 ## - NÚMERO DE LA CLASIFICACIÓN DECIMAL UNIVERSAL | |
| Número de la Clasificación Decimal Universal | 5/6(091)"17"(063) |
| 245 00 - MENCIÓN DEL TÍTULO | |
| Título | Despues de Newton : |
| Resto del título | ciencia y sociedad durante la primera revolución industrial / |
| Mención de responsabilidad, etc. | Alberto Elena, Javier Ordóñez, Mariano Colubi (comps.). |
| 250 ## - MENCION DE EDICION | |
| Mención de edición | 1ª ed. |
| 260 ## - PUBLICACIÓN, DISTRIBUCIÓN, ETC. | |
| Lugar de publicación, distribución, etc. | Barcelona : |
| Nombre del editor, distribuidor, etc. | Anthropos, |
| Fecha de publicación, distribución, etc. | 1998. |
| 300 ## - DESCRIPCIÓN FÍSICA | |
| Extensión | 206 p. ; |
| Dimensiones | 20 cm. |
| 490 1# - MENCIÓN DE SERIE | |
| Mención de serie | Tecnología, ciencia, naturaleza y sociedad ; |
| Designación de volumen o secuencia | 9 |
| 505 8# - NOTA DE CONTENIDO CON FORMATO | |
| Nota de contenido con formato | Contiene: De la revolución científica a la revolución industrial . La marcha triunfal de un paradigma . La herencia newtoniana en la economía política del siglo XVIII . La fabricación de instrumentos científicos en la era industrial . El nacimiento y desarrollo de los conceptos de trabajo y energía en el contexto de la mecánica práctica durante la primera revolución industrial . Ciencia y sociedad en Baviera, 1750-1850 . La ciencia bajo la Revolución francesa . Las academias provinciales y la supervivencia cultural en la Francia revolucionaria y post-revolucionaria |
| 594 ## - Nota al título y mención de responsabilidad | |
| Nota al título y mención de responsabilidad | Recoge, con ligeras modificaciones, las conferencias pronunciadas en un simposio internacional de historia de la ciencia, celebrado en noviembre de 1988 |
| 650 #4 - PUNTO DE ACCESO ADICIONAL DE MATERIA--TÉRMINO DE MATERIA | |
| Término de materia o nombre geográfico como elemento de entrada | Ciencia- |
| Subdivisión de forma | Historia. |
| 9 (RLIN) | 10954 |
| 700 1# - ENTRADA AGREGADA--NOMBRE PERSONAL | |
| Nombre de persona | Elena, Alberto. |
| 9 (RLIN) | 46927 |
| 700 1# - ENTRADA AGREGADA--NOMBRE PERSONAL | |
| Nombre de persona | Ordóñez, Javier. |
| 9 (RLIN) | 87187 |
| 700 1# - ENTRADA AGREGADA--NOMBRE PERSONAL | |
| Nombre de persona | Colubi, Mariano. |
| 9 (RLIN) | 39907 |
| 830 1# - PUNTO DE ACCESO ADICIONAL DE SERIE-TÍTULO UNIFORME | |
| Título uniforme | Tecnología, ciencia, naturaleza y sociedad ; |
| Designación de volumen o secuencia | 9 |
| 9 (RLIN) | 178187 |
| 852 4# - LOCALIZACIÓN | |
| Ubicación | ES-MaACL |
| Número de control de estantería | L-22237 |
| Estatus retirado | Estado de pérdida | Estado de daño | No para préstamo | Biblioteca de origen | Biblioteca actual | Ubicación en estantería | Fecha de adquisición | Fuente de adquisición | Total de préstamos | Signatura topográfica completa | Código de barras | Visto por última vez | Precio de reemplazo | Tipo de ítem Koha |
|---|---|---|---|---|---|---|---|---|---|---|---|---|---|---|
| Biblioteca del Ateneo de Madrid | Biblioteca del Ateneo de Madrid | Depósito 2 | 17/01/2008 | L-22237 | 1015223 | 23/02/2023 | 23/02/2023 | Libro impreso |
